Cultural sociology in practice / (Record no. 359)

MARC details
000 -LEADER
fixed length control field 00642cam a2200205 4500
001 - CONTROL NUMBER
control field 437
005 - DATE AND TIME OF LATEST TRANSACTION
control field 20181127161516.0
008 - FIXED-LENGTH DATA ELEMENTS--GENERAL INFORMATION
fixed length control field 010206s2002 maua 000 0 eng
010 ## - LIBRARY OF CONGRESS CONTROL NUMBER
LC control number 2001025206
020 ## - INTERNATIONAL STANDARD BOOK NUMBER
International Standard Book Number 063121089X (alk. paper)
International Standard Book Number 0631210903 (pb. : alk. paper)
100 1# - MAIN ENTRY--PERSONAL NAME
Personal name Edles, Laura Desfor.
245 10 - TITLE STATEMENT
Title Cultural sociology in practice /
Statement of responsibility, etc. Laura Desfor Edles.
260 ## - PUBLICATION, DISTRIBUTION, ETC.
Place of publication, distribution, etc. Malden, MA :
Name of publisher, distributor, etc. Blackwell Publishers,
Date of publication, distribution, etc. 2002.
300 ## - PHYSICAL DESCRIPTION
Extent ix, 265 p. :
Other physical details ill. ;
Dimensions 23 cm.
440 #0 - SERIES STATEMENT/ADDED ENTRY--TITLE
Title 21st-century sociology
504 ## - BIBLIOGRAPHY, ETC. NOTE
Bibliography, etc. note Includes bibliographical references (p. [237]-261) and index.
650 #0 - SUBJECT ADDED ENTRY--TOPICAL TERM
Topical term or geographic name entry element Culture.
Topical term or geographic name entry element Sociology.
Holdings
Withdrawn status Lost status Source of classification or shelving scheme Damaged status Not for loan Collection code Home library Current library Shelving location Date acquired Serial Enumeration / chronology Inventory number Total Checkouts Full call number Barcode Date last seen Copy number Price effective from Koha item type
    Dewey Decimal Classification     Main TEST RTC Library RTC Library Main opac 12/01/2022 808   306 EDL 30005234 12/01/2022 4 27/11/2018 Main
    Dewey Decimal Classification     Main TEST RTC Library RTC Library Main opac 12/01/2022 784   306 EDL 30005301 12/01/2022 1 27/11/2018 Main
    Dewey Decimal Classification     Main TEST RTC Library RTC Library Main opac 12/01/2022 785   306 EDL 30005310 12/01/2022 3 27/11/2018 Main
    Dewey Decimal Classification     Main TEST RTC Library RTC Library Main opac   809   306 EDL 30005237 27/11/2018 2 27/11/2018 Main
Royal Thimphu College || All Right Reserved